[Event "World Cup"]
[Site "Khanty-Mansiysk"]
[Date "2009.11.25"]
[Round "2.2"]
[White "Bacrot, Etienne"]
[Black "Sasikiran, Krishnan"]
[Result "1-0"]
[WhiteElo "2700"]
[BlackElo "2664"]
[Annotator "Krasenkow,M"]
[PlyCount "69"]
[EventDate "2009.11.21"]
[EventType "k.o."]
[EventRounds "7"]
[EventCountry "RUS"]
[SourceTitle "CBM 134"]
[Source "ChessBase"]
[SourceDate "2010.01.18"]
[SourceVersion "1"]
[SourceVersionDate "2010.01.18"]
[SourceQuality "1"]

1. Nf3 d5 2. d4 Nf6 3. c4 e6 4. Nc3 c6 5. Bg5 dxc4 6. e4 b5 7. e5 h6 8. Bh4 g5
9. Nxg5 hxg5 10. Bxg5 Nbd7 11. g3 Rg8 12. h4 Rxg5 13. hxg5 Nd5 14. g6 fxg6 15.
Qg4 Qe7 16. Bg2 N7b6 {A rare move in a well-known theoretical position.} (16...
Kd8 {and}) (16... Qf7 {are common continuations.}) 17. Be4 (17. Qxg6+ $5 Qf7
18. Be4 (18. Qxf7+ Kxf7 19. Ne4 Kg8 20. Rh4 Bg7 21. Ke2 Bd7 $13 {0-1
Monasterio,M-Markus,R/LSS 2007/Telechess CBM 125}) 18... Qxg6 19. Bxg6+ Kd7 20.
Rh7+ Be7 21. Ne4 Kc7 22. f4 Bd7 23. O-O-O Rd8 24. Bf7 Na4 25. Rdh1 Kb6 26. Ng5
c3 27. bxc3 Naxc3 28. Nxe6 Bxe6 29. Bxe6 $14 {1-0 Boudignon,S (2359)-Gonzalez,
B (2149)/ICCF WS 2007/ICCF CBM 130 (46)}) (17. a4 $5 Qb4 18. Qxg6+ Kd8 19. Qf7
Bd7 20. Bxd5 Nxd5 21. Kf1 Be8 $2 (21... Qe7 $13) 22. Nxd5 $1 Bxf7 23. Nxb4 Bxb4
24. Rh8+ Be8 25. axb5 c3 26. bxc3 Bxc3 27. Rc1 Bxd4 28. Rxc6 Bxe5 {1-0 Wingo,
M-Turoczi,P/LSS 2007/Telechess CBM 125}) 17... Kd8 $5 $146 {[%mdl 8]} (17...
Qb4 18. Qxg6+ (18. Bxg6+ $6 Kd8 19. Qg5+ Kc7 20. Qd2 Na4 21. Rh7+ Bd7 22. Bf7
Kb6 $17 {0-1 Zaikov,O (2376)-Robson,R (2217)/Philadelphia 2006/CBM 115 ext (58)
}) 18... Kd7 $2 (18... Kd8 19. Bxd5 $1 (19. Rh7 Bd7 {- game}) 19... Nxd5 20.
Rh7 Be7 $1 $13 (20... Bd7 21. Kf1 $16 Qxb2 $140 22. Nxd5 Qxa1+ 23. Kg2 cxd5 24.
Qf7 $18) {e.g.} 21. Qg8+ Kd7 22. Qf7 Qxb2 23. Nxd5 Qxa1+ 24. Ke2 Qxa2+ 25. Kf1
Qb1+ 26. Kg2 Qe4+ $11) 19. Rh7+ Be7 20. Qf7 Bb7 21. Bxd5 $1 Nxd5 22. O-O-O $1
Re8 (22... Nxc3 23. a3) 23. a3 Qa5 24. Ne4 $18 {1-0 Solomon,K (2317)-Sjugirov,
S (2492)/Budapest 2008/CBM 124 Extra (30)}) 18. Qxg6 Bd7 19. Rh7 $2 {An
obvious move but it was essential to get rid of Black's important knight first:
} (19. Bxd5 $142 $1 cxd5 (19... Nxd5 20. Rh7 Qe8 $1 (20... Qb4 21. Kf1 $16 {
- 17...Qb4}) 21. Qg5+ Kc7 22. Ne4 Bb4+ 23. Kf1 Qg8 24. Rg7 Qf8 25. Nf6 $14) (
19... exd5 20. f4 $5) 20. Rh7 Qe8 (20... Qb4 21. Rb1 $36) 21. Qf6+ Be7 22. Qg7
Bf8 $1 $11) 19... Qb4 $1 20. Rb1 (20. Bxd5 {is too late due to} Qxb2) 20...
Nxc3 21. bxc3 Qxc3+ 22. Ke2 (22. Kf1 Qxd4 23. Bxc6 $5 Bxc6 24. Qf6+ Kc8 25.
Qxf8+ Qd8 $17) 22... Qa3 $17 {[%csl Gb6] Black's b6 knight is a perfect
defender of his king!} 23. Rbh1 (23. Kf1 $5) 23... Qb2+ $2 (23... Qxa2+ 24. Kf3
c3 $19) 24. Kf3 Qc3+ 25. Ke2 $1 (25. Kg2 Qxd4) 25... Qb2+ 26. Kf3 Qxd4 (26...
c3 $4 27. Qf6+ Kc7 28. Qxe6 $18 {[%cal Re6c6]}) 27. Qf6+ Kc7 28. Qxe6 Kb8 $2 (
28... Kc8 $8 {e.g.} 29. Qf6 Bc5 $1 30. R1h2 Nd5 $1 31. Qh8+ Kc7 32. Rxd7+ Kb6
33. Qxa8 Qd1+ 34. Kg2 Ne3+ 35. fxe3 Qe2+ 36. Kh3 Qh5+ $11) 29. Qf6 $2 (29. Qg6
$1 Bc5 (29... Qxe5 30. Bxc6 Bxc6+ 31. Qxc6 Qf5+ 32. Kg2 Qd5+ 33. Qxd5 Nxd5 34.
Rf7 Be7 35. Rd1 $18) 30. Rxd7 $1 Qxd7 31. Rh7 Qc8 32. Bf5 $1 Qf8 33. Rf7 Qh8 (
33... Qe8 34. Qg7 $18) 34. Kg2 $1 a5 35. Qxc6 Ra7 36. Rf6 Rc7 37. Qxb5 $18)
29... Bc5 $1 30. R1h2 (30. Rxd7 $2 Qxf2+ 31. Kg4 Qxf6 32. exf6 Nxd7) 30... c3
$2 {[%mdl 8192] A losing blunder. It is not easy to discover signal lights in
such a messy position. It turns out that the key task was to enter the a8 rook
into play:} (30... a6 $1 31. Bxc6 (31. Rxd7 Nxd7 32. Rh8+ Bf8 33. Qd8+ (33.
Rxf8+ Nxf8 34. Bxc6 (34. Qxc6 Ra7) 34... Ka7 $1 35. Qe7+ (35. Bxa8 Nd7 $1)
35... Nd7 36. Bxd7 Kb6 $17) 33... Kb7 34. Bxc6+ Kxc6 35. Qxa8+ Kb6 36. Qd8+ Kc5
) 31... Qd3+ 32. Kg2 Ra7 $1 {and Black can even fight for a win.} 33. Rxd7 Rxd7
34. Rh8+ Ka7 $1 35. Bxd7 Qxd7 36. e6 Qb7+ 37. f3 Qc7 {etc.}) 31. Rxd7 $1 {
[%mdl 64]} Nxd7 (31... Qxd7 32. Rh7 $18) 32. Rh8+ Bf8 33. Rxf8+ Nxf8 34. Qxc6
$18 Nd7 $2 35. Qb7# 1-0

[Event "EU-Cup 26th"]
[Site "Plovdiv"]
[Date "2010.10.23"]
[Round "7.5"]
[White "Moiseenko, Alexander"]
[Black "Sjugirov, Sanan"]
[Result "1/2-1/2"]
[WhiteElo "2658"]
[BlackElo "2627"]
[Annotator "Krasenkow,M"]
[PlyCount "92"]
[EventDate "2010.10.17"]
[EventType "team-swiss"]
[EventRounds "7"]
[EventCountry "BUL"]
[SourceTitle "CBM 139"]
[Source "ChessBase"]
[SourceDate "2010.11.18"]
[SourceVersion "1"]
[SourceVersionDate "2010.11.18"]
[SourceQuality "1"]
[WhiteTeam "Economist SGSEU"]
[BlackTeam "Yugra"]
[WhiteTeamCountry "RUS"]
[BlackTeamCountry "RUS"]

1. d4 d5 2. c4 c6 3. Nf3 Nf6 4. Nc3 e6 (4... dxc4 5. a4 e6 6. e4 Bb4 7. Bg5 {
is a more common move order leading to this line.}) 5. Bg5 dxc4 6. a4 Bb4 7. e4
Qa5 (7... Bxc3+) (7... c5) (7... b5 {are more popular options here.}) 8. Bd2 c5
{More logical than} (8... Nbd7 {or}) (8... O-O) 9. Bxc4 (9. d5 exd5 10. exd5
O-O 11. Be2 (11. Bxc4 Re8+) 11... Bf5 12. O-O Nbd7 13. d6 Bd3 $15 {1-0 Torman,
E (2350)-Sammour Hasbun,J (2270)/New York 1993/EXT 1997 (25)}) (9. e5 $5 cxd4 (
9... Nfd7 $5) 10. exf6 dxc3 11. bxc3 Bxc3 12. fxg7 Bxd2+ 13. Nxd2 Qe5+ 14. Be2
Qxg7 15. O-O O-O 16. Bxc4 $44 {1-0 Timoscenko,G (2502)-Berezjuk,S (2440)/
Czechia 2006/CBM 115 ext (26)}) 9... cxd4 (9... O-O 10. dxc5 (10. O-O $2 cxd4
11. Nxd4 Qc5 {0-1 Seiler,J-Meyer,F/Baden 1992/GER (58)} 12. Ncb5 Bxd2 13. Qxd2
a6 14. Na3 Nxe4 $17) (10. d5 $6 exd5 11. Bxd5 Nxd5 12. Nxd5 Nc6 13. Nxb4 cxb4
14. O-O Bg4 15. h3 Bh5 16. Re1 Rfe8 17. Re3 Rad8 18. g4 Bg6 19. Qe1 Qb6 20. e5
a5 $15 {1-0 Damljanovic,B (2551)-Schut,D (2019)/Arinsal 2009/CBM 131 Extra (55)
}) (10. Qe2 $5 Nc6 11. dxc5 e5 12. Nd5 Nxd5 13. Bxd5 {1-0 Bernard,C (2355)
-Bricard,E (2445)/Cannes 1994/EXT 1997 (23)} Qxc5 14. O-O Bxd2 15. Qxd2 Bg4 16.
Rac1 Qe7 17. Bxc6 bxc6 18. Rxc6 Bxf3 19. gxf3 Rad8 $44) 10... Qxc5 (10... Nc6
$143 11. O-O Qxc5 12. Qe2 e5 (12... Qh5 $6 13. e5 Ng4 14. Bf4 b6 15. h3 Nh6 16.
Ne4 $16 {1/2 Yermolinsky,A (2425)-Kamsky,G/Leningrad 1987/EXT 2002 (44)}) 13.
Nd5 (13. Be3 $5 Nd4 14. Bxd4 exd4 15. Nd5) 13... Bg4 $6 (13... Nxd5 14. exd5 {
[%csl Rc6]} Bxd2 15. Nxd2 Na5 16. b3 $14) 14. Bxb4 Nxb4 15. Nxf6+ gxf6 16. Rfc1
Qe7 17. h3 Bxf3 18. Qxf3 Nc6 19. Qh5 Nd4 20. Rc3 $16 {1-0 Gustafsson,J (2627)
-Andre,G (2308)/Caleta ENG 2010/The Week in Chess 795 (91)}) 11. Qe2 e5 12. O-O
Bg4 (12... Nc6 $143 {-10...Nc6}) 13. Be3 Bxf3 14. gxf3 Qe7 $1 (14... Qa5 15.
Nd5 Nxd5 16. Bxd5 Nc6 17. f4 Bc5 18. Qb5 Bxe3 19. Qxa5 Nxa5 20. fxe3 Nc6 21.
Rac1 $14 {1/2 Harikrishna,P (2668)-Haba,P (2525)/Germany 2008/CBM 124 (85)})
15. Nd5 Nxd5 16. Bxd5 {1/2 Khalifman,A (2610)-Popov,I (2568)/Dagomys 2009/CBM
129 Extra}) 10. Nxd4 (10. Bb5+ Bd7 (10... Ke7 $143 11. Nxd4 a6 12. e5 axb5 13.
exf6+ gxf6 {1/2 Zhu Chen (2420)-Litinskaya,M (2345)/Yerevan 1996/EXT 1997 (55)}
14. O-O $16 {[%csl Re7]}) 11. Nxd4 a6 12. Bxd7+ Nbxd7 13. Nc2 O-O 14. O-O Rfd8
15. Qe2 Nc5 $132 {0-1 Giacomelli,B-Ofstad,P (2169)/Hockenheim 2007/CBM 118 ext
(59)}) 10... Qc5 (10... O-O 11. Qe2 Nbd7 $5 (11... Nc6 12. Nxc6 bxc6 13. O-O
Bb7 (13... e5 14. Rac1 Nd7 15. Qh5 $6 (15. Rfd1 $14) 15... Nb6 16. Bb3 Ba6 $132
{1/2 Salgado Lopez,I (2595)-Anton Guijarro,D (2403)/El Sauzal ESP 2010/The
Week in Chess 827 (64)}) 14. Rfd1 Nd7 15. Na2 Bxd2 16. Qxd2 Qxd2 17. Rxd2 Ne5
18. Be2 c5 19. f3 Nc6 20. Rc1 Nd4 {1-0 Sriram,J (2497)-Sundararajan,K (2516)/
Mumbai 2009/CBM 133 Extra (73)} 21. Rc3 $14) 12. Nc2 Ne5 13. f4 Nxc4 14. Qxc4
Bxc3 15. Bxc3 Qa6 16. Qxa6 bxa6 17. Bxf6 gxf6 18. O-O-O Bb7 19. Rhe1 Rfc8 20.
b3 Rab8 21. Kb2 Kf8 $13 {_|_1/2 Ding,L (2547)-Yu,Y (2585)/Danzhou 2010/CBM 137
(37)}) 11. Bb5+ Nbd7 (11... Bd7 12. Nb3 Qe5 13. f4 Qc7 14. Rc1 Nc6 15. Qf3 a6
16. Bd3 e5 17. O-O $14 {1-0 Kiselev,S (2475)-Cichocki,A (2285)/Warsaw 1991/EXT
1997 (35)}) 12. Nb3 Qc7 $6 (12... Qd6 $142 $5 13. Qe2 O-O 14. f4 $6 (14. O-O)
14... e5 15. O-O a6 16. Bc4 Nb6 17. fxe5 Qxe5 18. Bf4 Qh5 $1 $15 {1/2 Donner,
J-Jongsma,A/Amsterdam 1970/MCL (63)}) 13. Rc1 {Black must now lose a tempo.}
Qb8 14. O-O O-O 15. f4 a6 16. Bd3 e5 17. Nd5 $5 $14 Bxd2 (17... Nxd5 18. exd5
Bd6 $5) 18. Qxd2 Nxd5 19. exd5 Qd6 (19... Nf6 $142) 20. Kh1 (20. Na5 $1 $36 {
[%cal Ya5c4]}) 20... g6 $6 {Too modest. White now obtains a dangerous attack.}
(20... f5 21. Na5 e4 22. Bc2 $14 Nb6 $140 23. Bb3) 21. f5 $1 Nf6 (21... Qxd5
22. fxg6 hxg6 23. Qh6 $1 Qxd3 24. Rf3 $16) 22. Nc5 b6 23. Ne4 Nxe4 24. Bxe4 {
[%csl Gd5,Ge4]} Bd7 25. Rc3 {[%cal Rc3h3]} gxf5 26. Bxf5 Bxf5 27. Rxf5 Rad8 28.
Rh5 $2 {[%mdl 32] A wrong plan. ...f7-f6 is forced anyway, and then Black's
h7-pawn can be easily protected along the 7th rank. On the contrary, his
f6-pawn will be defenceless:} (28. Qf2 $1 f6 29. h3 $16 {[%cal Yc3c6]}) 28...
f6 29. Rd3 (29. Qh6 Rf7) (29. Rg3+ Kh8 30. Qd3 Rd7 31. Rgh3 Rff7) 29... Rf7 30.
h3 Kh8 31. Rf5 {Alas!} Rg7 32. Qh6 Rg6 33. Qh4 Rdg8 34. Rd2 Qc5 {Releasing the
blockade of the d5-pawn is hardly a clever idea. The inaccuracies which follow
suggest that both players were under time pressure.} (34... b5 $142) 35. Rff2 (
35. Rf1 Qe3) 35... Qc1+ $6 (35... f5 $1 {was still OK for Black.}) 36. Kh2 Qe1
37. Qh5 (37. Qc4 $1 Rg3 38. Qf1 $1 $16) 37... Rc8 $6 (37... Qe4 $142 38. Qd1 $1
$14 (38. d6 Rxg2+ 39. Rxg2 Qf4+ 40. Kg1 Qxd2 41. Rxg8+ Kxg8 42. Qe8+ Kg7 43. d7
Qe1+ $11) (38. Qe2 Qxa4 $5)) 38. Qe2 $6 (38. d6 $1 Rd8 (38... Rc1 $2 39. Qxg6
$1 hxg6 40. d7 $18) 39. d7 e4 40. Qe2 Qxe2 41. Rfxe2 f5 42. Rd5 $16) 38... Qxe2
39. Rfxe2 {[%mdl 4096]} Rd8 40. g4 $6 (40. d6 {was the last chance to put
pressure on Black, e.g.} Rg7 41. Rf2 $1 Rf7 42. Rf3 Kg7 43. Rc3 (43. Rb3 b5 $1
44. axb5 axb5 45. Rxb5 Rfd7 46. Rb6 Kf7 $11) 43... Rfd7 44. Rc6 Rb8 {[%cal
Yg7f7,Yf7e6]} 45. b4 (45. Rc7 Rbd8) {but after} 45... f5 $1 (45... Kf7 $143 46.
a5 bxa5 47. bxa5 Ra8 48. g4 Ke6 49. Kg3 Rad8 50. Rxa6 Rxd6 51. Raxd6+ Rxd6 52.
Ra2 Ra6 53. Kf3) 46. a5 bxa5 47. bxa5 Ra8 {he should not lose.}) 40... Rd6 41.
Re3 Rg8 42. Kg3 Rgd8 43. Red3 Rc8 44. Rc3 Rcd8 45. Rcd3 Rc8 46. Rc3 Rcd8 (46...
Rcd8 47. Rf2 $5 Kg7 48. Rc6 b5 49. a5 Rxc6 50. dxc6 Rc8 51. Rc2 Rc7 $11 {
[%cal Yg7f7,Yf7e6,Ye6d6]}) 1/2-1/2

[Event "Moscow Tal Memorial 7th"]
[Site "Moscow"]
[Date "2012.06.18"]
[Round "9"]
[White "Kramnik, Vladimir"]
[Black "Morozevich, Alexander"]
[Result "1/2-1/2"]
[WhiteElo "2801"]
[BlackElo "2769"]
[Annotator "Krasenkow,M"]
[PlyCount "143"]
[EventDate "2012.06.08"]
[EventType "tourn"]
[EventRounds "9"]
[EventCountry "RUS"]
[EventCategory "22"]
[SourceTitle "CBM 149"]
[Source "ChessBase"]
[SourceDate "2012.07.17"]
[SourceVersion "1"]
[SourceVersionDate "2012.07.17"]
[SourceQuality "1"]

1. Nf3 d5 2. d4 Nf6 3. c4 c6 4. Nc3 e6 5. Bg5 dxc4 6. e4 b5 7. e5 h6 8. Bh4 g5
9. Nxg5 hxg5 10. Bxg5 Be7 11. exf6 Bxf6 12. Bxf6 Qxf6 13. a4 (13. g3 {is more
popular.}) 13... Rh4 $1 {The point. However, Black should not lose
concentration as White's h-pawn can become dangerous.} 14. axb5 (14. g4 $5 {
, cutting off Black's rook, is more energetic:} b4 (14... Bd7 15. h3 e5 16. Bg2
exd4 17. Nxb5 cxb5 18. Bxa8 b4 19. Qe2+ Be6 20. Bd5 d3 21. Qe4 d2+ 22. Ke2 Qxb2
23. Rad1 c3 24. Bxe6 fxe6 {1/2 Janjgava,L (2410)-Gurevich,M (2515)/Lvov 1987/
CBM 127 Extra (30)} 25. Qa8 $18) (14... Qg7 15. h3 e5 16. Bg2 exd4 17. Nxb5
cxb5 18. Bxa8 b4 19. Qe2+ Be6 20. Bd5 d3 21. Qe4 d2+ 22. Ke2 c3 23. bxc3 bxc3
24. Bxe6 fxe6 25. Qxe6+ Kd8 26. Rab1 $18 {1-0 Karolyi,T (2405)-Somlai,L (2380)/
Borsodtavho 1991/EXT 2004 (32)}) (14... e5 15. dxe5 Qxe5+ 16. Qe2 Qxe2+ (16...
Nd7 17. f4 Qxe2+ 18. Bxe2 Bb7 {1/2 Jasnikowski,Z (2421)-Sopur,L (2285)/
Polanica Zdroj 2004/CBM 102 ext (32)} 19. Ne4 $14) 17. Bxe2 Bxg4 (17... b4 18.
Nb5 $1 cxb5 19. Bf3 bxa4 20. Bxa8 a3 21. bxa3 b3 22. h3 $16 {1-0 Novikov,I 
(2575)-Lugo,B (2412)/San Diego 2006/CBM 112 (30)}) 18. Bxg4 Rxg4 19. axb5 Nd7
20. bxc6 Ne5 21. c7 Kd7 22. Nd5 $14) (14... Qf4 $5 {A.Dreev}) 15. Ne4 Qf4 16.
Bg2 Nd7 (16... f5 $5) 17. h3 Ba6 (17... Bb7 18. Qc1 Qxc1+ 19. Rxc1 Ke7 {
1/2 Gyimesi,Z (2480)-Barva,A (2250)/Siofok 1996/Juniors (24)} 20. Nd2 $16 {
[%csl Rb7]}) 18. Qc1 Qxc1+ 19. Rxc1 Kf8 20. f4 Rb8 21. Kf2 $14 {0-1 Novikov,I 
(2490)-Dreev,A (2450)/Tallinn 1986/EXT 1999 (41)}) 14... Rxd4 15. Qf3 {White's
damaged pawn structure will decrese his chances but he has no better option.} (
15. Qh5 Bb7 16. Be2 Nd7 17. Qf3 (17. O-O c5 $132) 17... Qxf3 18. Bxf3 Ne5 19.
Be4 Rd7 20. bxc6 Bxc6 21. O-O Bxe4 22. Nxe4 Ke7 23. Ra4 f5 24. Ng5 Rb8 25. f4 {
1/2 Sturua,Z (2420)-Dreev,A (2395)/Lvov 1985/MCD}) 15... Qxf3 16. gxf3 Bb7 17.
Rg1 Nd7 (17... Kf8 18. Rg4 $1 c5 19. Ne4 $1 a6 $1 20. b6 (20. Nxc5 Rxg4 21.
fxg4 axb5 $11) 20... Bxe4 21. Rxe4 $1 {[%cal Rf1c4]} (21. fxe4 Nd7 $15 {
0-1 Yuferov,S (2440)-Kula,R (2275)/Katowice 1992/TD (35)}) 21... Rd6 22. Rxc4
Rxb6 23. Rxc5 {A.Dreev} Nd7 $1 $11) 18. Rg8+ Nf8 19. Be2 $146 {[%mdl 8]} (19.
bxc6 Bxc6 20. Rg4 O-O-O 21. Bxc4 Kb8 $44) (19. Rg4 c5 20. Be2 (20. Ne4 O-O-O $1
) 20... Ng6 (20... Ke7 21. Ra4 Nd7 22. Rxc4 Rxc4 23. Rxc4 Ne5 24. Rf4 Rh8 25.
h4 Bxf3 26. Ra4 c4 27. Rxa7+ Kd6 28. Bxf3 Nxf3+ 29. Ke2 Nd4+ 30. Ke3 Nf5+ 31.
Kd2 Rxh4 32. Rxf7 $14 {1-0 Magerramov,E (2430)-Ivanov,S/Uzhgorod 1988/TD (49)})
21. Ra4 (21. Ne4 Bxe4 22. Rxe4 Nf4 $11) 21... Bd5 (21... O-O-O $1 22. Rxc4 Kb8
23. Rxc5 Nf4 $44) 22. Bxc4 Bxf3 23. Rg3 Bb7 (23... Bh5 24. Rg5 $14) 24. Bxe6 $1
Kf8 25. Bg4 Ne5 26. Be2 $14 {1-0 Ivanov,S (2574)-Somkin,E (2329)/St Petersburg
2000/EXT 2001 (48)}) 19... cxb5 20. Nxb5 Rd7 21. h4 f5 $1 {The king is the
most appropriate piece to fight against passed pawns in the endgame.} 22. h5
Kf7 23. Rg3 Bd5 $6 (23... Kf6 $142 24. Rxa7 Rxa7 25. Nxa7 Bxf3 26. Rxf3 Rxa7
27. Bxc4 Ra1+ 28. Kd2 Rh1 $11) 24. O-O-O $1 $14 {Castling establishes
excellent co-ordination between White's pieces, and he obtains some winning
chances. Further manoeuvring is quite complicated, White looks for a "second
weakness" (besides his passed h-pawn); Black would be glad to reduce the
number of pawns.} Rad8 25. Nc3 (25. f4 $5 $14) 25... Bc6 {Black must give up
his c4 pawn to free his pieces.} 26. Rh1 Kf6 27. Bxc4 Rh7 28. Kc2 Be8 29. Rgh3
Bf7 30. Rh4 Rc8 31. b3 Nd7 32. Be2 Ne5 33. f4 Nc6 34. Rd1 Rch8 35. Rd7 Be8 (
35... Rh6 $5) 36. Rxh7 Rxh7 {[%mdl 4096]} 37. Kd2 Rd7+ 38. Ke1 Nd4 39. Bd1 Kg7
40. Rh3 Rb7 41. Na4 $1 Bc6 (41... Rc7 $142 {preventing Nc5}) 42. Nc5 Rb5 43.
Nd3 (43. Rc3 $142 $1 a5 (43... Bd5 44. Rg3+ Kh8 45. Nd7) 44. Nxe6+ (44. Kd2 $14
) 44... Nxe6 45. Rxc6 Nxf4 $16 {Even here White's winning chances are not so
clear but at least his extra pawn is healthy enough.}) 43... Be8 44. Ne5 Rb4
45. Kd2 Nc6 46. Nc4 Ne7 47. Nd6 Rb8 48. h6+ Kh7 49. Re3 Bd7 (49... Bg6 $5 50.
Rxe6 Nd5) 50. Nf7 Nd5 51. Rg3 Rg8 52. Rxg8 Kxg8 53. Ng5 Nxf4 {Black has
restored the material deficit but his king is tied to White's h-pawn.} 54. b4
Bc6 55. Ke3 e5 56. Bb3+ Bd5 57. Bc2 Ba2 $6 {A strange move.} (57... Ng2+ 58.
Kd2 Nh4 59. b5 {looks dangerous for Black but}) (57... Ne6 58. h7+ Kg7 59. Nf7
$1 Kxh7 60. Bxf5+ Kg7 61. Bxe6 Bxe6 62. Nxe5 Kf6 63. Nc6 a6 {leads to a
typical theoretical draw: White can't either push his f-pawn too far or win
Black's a-pawn without giving up his f-pawn.}) 58. b5 $6 {An equally strange
reply, after which Black is out of danger.} (58. Bxf5 Nd5+ 59. Ke4 Nxb4 60.
Kxe5 a5 {is crucial. White can't immediately queen his pawns but the question
is whether he can encircle and capture Black's a-pawn. The issue requires deep
analysis but Black would have certainly faced a lot of problems in the actual
game, especially under time pressure.}) 58... Nd5+ 59. Kd2 e4 60. Bd1 Bc4 61.
Bh5 Nf6 62. Bg6 f4 63. Bxe4 (63. Nxe4 $144 Nxe4+ 64. Bxe4 Bxb5 65. Kc3 a5 $11 {
[%csl Ga5]}) 63... Nxe4+ 64. Nxe4 Bxb5 65. Ng5 a5 66. Kc3 Be2 67. Kd4 a4 68.
Kc3 Bd1 69. Kb4 Kh8 {Of course, White can't make progress on the kingside
without his king.} 70. Ne6 Kh7 71. Nxf4 Kxh6 72. Nd3 1/2-1/2

[Event "Sofia MTel Masters 5th"]
[Site "Sofia"]
[Date "2009.05.20"]
[Round "7"]
[White "Topalov, Veselin"]
[Black "Shirov, Alexei"]
[Result "1/2-1/2"]
[WhiteElo "2812"]
[BlackElo "2745"]
[Annotator "Krasenkow,M"]
[PlyCount "59"]
[EventDate "2009.05.13"]
[EventType "tourn"]
[EventRounds "10"]
[EventCountry "BUL"]
[EventCategory "21"]
[SourceTitle "CBM 131"]
[Source "ChessBase"]
[SourceDate "2009.07.15"]
[SourceVersion "1"]
[SourceVersionDate "2009.07.15"]
[SourceQuality "1"]

1. d4 d5 2. c4 c6 3. Nf3 Nf6 4. Nc3 e6 5. Bg5 dxc4 6. e4 b5 7. e5 h6 8. Bh4 g5
9. Nxg5 hxg5 10. Bxg5 Nbd7 11. exf6 Bb7 12. g3 c5 13. d5 Qb6 14. Bg2 O-O-O 15.
O-O b4 16. Na4 Qb5 17. a3 exd5 18. axb4 cxb4 19. Re1 (19. Qg4 {- see
Carlsen-Shirov in this issue}) (19. Qd4) (19. Be3) (19. Bf4) (19. h4) 19... d4
$1 {The rest is worse:} (19... Bd6 20. Qd4 $1 Kb8 21. h4 Rhe8 22. Re7 $1 Bxe7
23. fxe7 Rc8 24. Bf4+ $18 {1-0 Magar,T-Ivanov,E/Los Angeles 2003/CBM 095 ext 
(43)}) (19... Nc5 20. Nxc5 (20. Re7 $143 Nb3 $1 (20... Bxe7 21. fxe7 Rdg8 22.
Nxc5 Rxg5 23. Nxb7 Kxb7 24. Qd4 $18 {1-0 Smejkal,J-Sveshnikov,E/Sarajevo 1983/
MCD (26)}) 21. Qg4+ Rd7 22. Re8+ Kc7 23. Ra2 Rd6 24. Re1 Qd7 $13 {1/2-1/2
Savchenko,S-Eriksson,J/Torshavn 2000/CBM 078 ext (36)}) 20... Bxc5 21. Re7 $1
Bxe7 (21... Rd7 22. Qg4 Bxe7 23. fxe7 d4 24. Ra5 $1 Qb6 25. Bh3 Bc6 26. Rd5 $18
{1-0 Gupta,A-Hungaski,R/Yerevan 2006/CBM 114 ext (30)}) 22. fxe7 Rdg8 23. h4
Rxg5 24. hxg5 Re8 25. Qg4+ Qd7 26. Qxd7+ Kxd7 27. Rxa7 Kc8 28. Rxb7 Kxb7 29.
Bxd5+ Kc7 30. Bxf7 Rxe7 31. Bxc4 Re4 32. Bf7 Kd6 33. g6 Ke7 34. b3 $16 {
1-0 Kotanjian,T-Sharma,D/Moscow 2004/EXT 2005 (50)}) (19... Bh6 20. Bxh6 (20.
Bh4 $5) 20... Rxh6 21. Qd4 Rxf6 22. Bh3 $40 Rd6 23. Nc5 Qb6 24. Red1 Kc7 25.
Bxd7 R8xd7 26. Nxd7 Qxd4 27. Rxd4 Kxd7 $14 {1/2-1/2 Stean,M-Rivas Pastor,M/
Marbella 1982/MCD (36)}) 20. Qxd4 (20. Bxb7+ Kxb7 21. Qf3+ Qc6 {leads to a
good position for Black.}) 20... Bxg2 (20... Qxg5 $2 21. Qxc4+ Kb8 22. Bxb7
Kxb7 23. Rac1 $18 {->}) 21. Kxg2 Qxg5 22. Qxc4+ Kb8 23. Rac1 (23. Rad1 Qa5 (
23... Qf5 $132) 24. Rd5 (24. b3 Qf5 $132) 24... Qc7 25. Qd3 {Dolmatov,S-Rivas,
P/Moscow/1982/} Qc6 $1 $13) (23. Red1 Qf5 $1 {[%cal Rf5h3,Rh8h2,Rd8c8]} (23...
Rc8 24. Qxf7 $1 (24. Qa6 $2 Qf5 $1 25. Nb6 Rxh2+ $1 26. Kxh2 Qxf2+ 27. Kh3 Qf5+
28. g4 Qf3+ 29. Kh4 Qf2+ $1 30. Kh3 Qe3+ 31. Kh4 Qh6+ 32. Kg3 Bd6+ $1 {0-1 van
Wely,L-Piket,J/Wijk aan Zee 1994/Inf 59/[Piket,Je]}) 24... Ne5 $1 25. Qd5 $1
Qxf6 26. Qb5+ Kc7 27. Rac1+ Nc6 28. Rc2 (28. Qa5+ Kb8 29. Qb5+ {1/2-1/2
Lazarev,V-Piket,J/Leiden 1995/EXT 2003}) 28... b3 $1 (28... Rh6 29. Qa6 Kb8 30.
Nb6 Rc7 31. Nd7+ Rxd7 32. Rxd7 {1-0 Galliamova_Ivanchuk,A-Buturin,V/Lviv 1995/
Inf 65}) 29. Qxb3 Qf5 30. h4 Rh6 31. Nc3 Nb4 32. Nd5+ Kb8 33. Nxb4 Qe4+ 34. Kh3
Qxb4 35. Qxb4+ Bxb4 36. Rxc8+ Kxc8 37. g4 {1-0 Mayer,E-Marim,M/IECC 2004/
Telechess CBM 107 (42)}) 24. Rd5 $140 Rxh2+ $1 25. Kxh2 Qxf2+ 26. Kh3 (26. Kh1
Qf3+ 27. Kh2 Bd6 $19) 26... Bd6 $1 27. Rb5+ Nb6 $40 {[%cal Rd8h8]}) 23... Bd6
24. Qc6 Qd2 $5 $146 {[%cal Rh8h2][%mdl 8] It was not too difficult to improve
on} (24... Nxf6 $4 25. Nb6 $1 {1-0/Anikaev-Westerinen,H/Moscow/1982/}) (24...
Qxf6 $5 {led to a more complex position}) 25. Kg1 $5 (25. Re2 Qxe2 26. Qxd6+
Ka8 $11) 25... Rxh2 $1 26. Re2 $8 Qd3 $8 ({Of course, not} 26... Qxe2 {now,
due to} 27. Qxd6+ Ka8 28. Qc6+ Kb8 29. Qc7+ $18) 27. Re3 (27. Kxh2 {doesn't
work due to the intermediate} Bxg3+ $1) 27... Qd2 {Both sides must repeat
moves.} (27... Qd4 $4 28. Kxh2) 28. Re2 Qd3 29. Re3 Qd2 30. Re2 1/2-1/2